| 000 | 01916nas0a22004451i 4500 | ||
|---|---|---|---|
| 001 | RU\NLR\DRGNLR\430 | ||
| 005 | 20240725030905.0 | ||
| 035 | _a(NLR Aleph) 010309001 | ||
| 090 |
_a10630409 _c10630409 |
||
| 100 | _a20080514b18921905u y0rusy50 ca | ||
| 101 | 0 | _arus | |
| 102 | _aRU | ||
| 110 | _acya|||||||| | ||
| 200 | 1 |
_aВедомости Елисаветградского городского общественного управления _fРед. С.С.Рутковский |
|
| 210 |
_aЕлисаветград _d1892, 16 апр - 1905, 29 дек |
||
| 540 | 1 | _aВедомости Елисаветградского городского общественного управления | |
| 702 | 1 |
_aРутковский _bСавва Савв. _4340 |
|
| 801 | 0 |
_aRU _bNLR _c20080514 _gPSBO _2gzdor_isis |
|
| 801 | 2 |
_aRU _bNLR _c20080514 _gPSBO _2rusmarc |
|
| 852 |
_aNLR _j1-Р/1-180 |
||
| 942 | _cNEWSPAPER | ||
| 980 | _aDRG | ||